| 000 | 01109nam0a22002291i 4500 | ||
|---|---|---|---|
| 001 | rc\4467592 | ||
| 005 | 20240724170113.0 | ||
| 021 |
_aRU _b[67-93103] |
||
| 035 | _a(NLR Aleph) 008328577 | ||
| 090 |
_a8802483 _c8802483 |
||
| 100 | _a20130416d1967 |||y0rusy50 ca | ||
| 101 | 0 | _arus | |
| 102 | _aRU | ||
| 105 | _ay d ||||| | ||
| 200 | 1 |
_aДеятельность Томской областной партийной организации по развитию эстетической культуры трудящихся в 1959-1965 гг. _e(На материалах пром. предприятий) _e(Специальность № 277. История КПСС) _eАвтореферат дис. на соискание учен. степени канд. ист. наук _fТомский гос. ун-т им. В.В. Куйбышева |
|
| 210 |
_aТомск _cИзд-во Томского ун-та _d1967 |
||
| 215 | _a19 с. | ||
| 700 | 1 |
_aГлумова _bТ.Б. _gТатьяна Борисовна |
|
| 801 | 0 |
_aRU _bNLR _gpsbo |
|
| 801 | 1 |
_aRU _bELAR _2rusmarc |
|
| 852 |
_aNLR _j68-4/1567 |
||
| 942 | _cBOOK | ||